Soviet national income and product in 1928 (Record no. 368419)

000 -LEADER
fixed length control field 00338cam a22001217a 4500
008 - FIXED-LENGTH DATA ELEMENTS--GENERAL INFORMATION
fixed length control field 180718b1954 xxu||||| |||| 00| 0 eng d
082 ## - DEWEY DECIMAL CLASSIFICATION NUMBER
Classification number T112x47 H671
100 ## - MAIN ENTRY--PERSONAL NAME
Personal name Hodffding, Oleg
245 ## - TITLE STATEMENT
Title Soviet national income and product in 1928
Statement of responsibility, etc. by Oleg Hoeffding
260 ## - PUBLICATION, DISTRIBUTION, ETC.
Place of publication, distribution, etc. London
Name of publisher, distributor, etc. OUP
Date of publication, distribution, etc. 1954
300 ## - PHYSICAL DESCRIPTION
Extent 156p.
650 ## - SUBJECT ADDED ENTRY--TOPICAL TERM
Topical term or geographic name entry element Income - U.S.S.R.
Holdings
Withdrawn status Lost status Damaged status Not for loan Permanent Location Current Location Date acquired Full call number Barcode Date last seen Price effective from Koha item type
        Indian Institute of Public Administration Indian Institute of Public Administration 1994-05-21 T112x47 H671 39417 2018-07-21 2018-07-21 Book

Powered by Koha